| 000 | 00979nas a2200313 4500 | ||
|---|---|---|---|
| 001 | BR0302377 | ||
| 003 | BR-BrBNA | ||
| 005 | 20231205103759.0 | ||
| 007 | ta | ||
| 008 | 230509b bl.|||p| |||| 00| 00por d | ||
| 040 |
_aBR-BrBNA _bpor _cBiblioteca Nacional de Agricultura |
||
| 041 | _a(Pt) | ||
| 072 | _aF03; H10 | ||
| 100 | 1 | _aBueno, E.R.V. | |
| 100 | 1 | _aPrates, M. | |
| 100 | 1 | _aTenente, R.C.V. | |
| 245 | 1 | _aAvaliação de métodos tradicionais de extração de nematóides aplicados às sementes de Panicum maximum infestadas por Aphelenchoides besseyi | |
| 650 | _aCAPIM COLONIÃO | ||
| 650 | _aSEMENTE | ||
| 650 | _aNEMATÓIDE | ||
| 650 | _aMÉTODO | ||
| 650 | _aEXTRAÇÃO | ||
| 650 | _aGRAMÍNEA FORRAGEIRA | ||
| 650 | _aINFESTAÇÃO | ||
| 650 | _aTRATAMENTO DE SEMENTE | ||
| 773 | 0 |
_tNematologia Brasileira (Brazil) _xISSN 0102-2997 _g(Dec 2002), v. 26(2) p. 213-217 _wBR0302377 |
|
| 909 |
_a202311 _bLúcia _c55 _dLúcia Elande |
||
| 942 |
_2AGRIS _n0 _cANA |
||
| 999 |
_c174693 _d174693 |
||